Music in the western civilization

Salvato in:
Dettagli Bibliografici
Autore principale: Lang, Paul Henry (Autore)
Natura: Libro
Lingua:inglese
Pubblicazione: Nueva York W.W. Norton 1941
Soggetti:
Tags: Aggiungi Tag
Nessun Tag, puoi essere il primo ad aggiungerne!!

MARC

LEADER 00000nam a2200000 a 4500
001 UCN1661
003 CL-VaPUC
008 010427e19410000US |||||||||||||||||eng|d
082 0 4 |a 780.9  |b LAN  |2 21 
100 |a Lang, Paul Henry  |e author  |9 459281 
245 1 0 |a Music in the western civilization 
300 |a 1107 p 
942 |c BK 
945 |d 20010427 00:00:00  |a crobeson 
260 |a Nueva York  |b W.W. Norton  |c 1941 
650 0 |a Música historia y crítica  |9 269146 
650 0 |a Música occidental  |9 326969 
650 0 |a Música antigua  |9 391245 
650 0 |a Música medieval  |9 391244 
650 0 |a Canto gregoriano  |9 332477 
650 0 |a Ars antiqua  |9 456907 
650 0 |a Música renacentista  |9 391249 
650 0 |a Música barroca  |9 306256 
650 0 |a Música rococó  |9 456908 
650 0 |a Música clásica  |9 349684 
650 0 |a Romanticismo en la música  |9 306753 
650 0 |a Música contemporánea  |9 306742 
583 |a last modification  |c 20010427 00:00:00  |k Rodrigo Vera 
999 |c 294912  |d 294910 
952 |0 0  |1 0  |4 0  |6 780_900000000000000_LAN_1941  |7 0  |8 F  |9 347662  |a BIBEDU  |b BIBEDU  |d 2019-11-20  |i 1181262  |o 780.9 LAN 1941  |p 1181262  |r 2023-01-12  |w 2019-11-20  |y BK_F  |k MUS